|
|
|
|
| LEADER |
00846cam a2200241 7i4500 |
| 001 |
0000030156 |
| 005 |
20170218090000.0 |
| 008 |
091229 eng |
| 020 |
|
|
|a 9783540775072 (hbk.)
|
| 040 |
|
|
|a OhCoOLI
|
| 090 |
0 |
0 |
|a TK7872.P54
|b P56 2008
|
| 245 |
0 |
0 |
|a Piezoelectric transducers and application
|c Antonio Arnau Vives (ed.).
|
| 250 |
|
|
|a 2nd ed.
|
| 260 |
|
|
|a Berlin:
|b Springer,
|c 2008.
|
| 300 |
|
|
|a xxvi, 532 p.:
|b ill.;
|c 25 cm.
|
| 504 |
|
|
|a Includes bibliographical references and index
|
| 650 |
0 |
0 |
|a Piezoelectric transducers
|
| 700 |
1 |
|
|a Arnau, Antonio
|
| 997 |
|
|
|a Engineering, Faculty
|b Engineering, Department
|
| 998 |
|
|
|a Electronics Engineering, Degree
|
| 998 |
|
|
|a Mechatronics Engineering, Degree
|
| 998 |
|
|
|a Electrical Engineering, Degree
|
| 999 |
|
|
|a 0000035289
|b BOK
|c OPEN SHELF
|e 1st Floor, Bestari Jaya
|